<?xml version="1.0" encoding="UTF-8"?>
<collection xmlns="http://www.loc.gov/MARC21/slim">
 <record>
  <leader>00650nam a2200205   4500</leader>
  <controlfield tag="001">000008296</controlfield>
  <controlfield tag="003">4482</controlfield>
  <controlfield tag="005">20150812140824.0</controlfield>
  <controlfield tag="008">111014s                               sd</controlfield>
  <datafield tag="100" ind1="0" ind2=" ">
   <subfield code="a">Vũ Thanh Khiết</subfield>
  </datafield>
  <datafield tag="245" ind1="0" ind2="0">
   <subfield code="a">Giaó trình điện đại cương</subfield>
   <subfield code="c">Vũ Thanh Khiết,Nguyễn Thế Khôi,Vũ Ngọc Hồng</subfield>
  </datafield>
  <datafield tag="774" ind1=" " ind2=" ">
   <subfield code="a">Vũ Thanh Khiết</subfield>
   <subfield code="b">In lần thứ 3,có chỉnh lý</subfield>
   <subfield code="d">H.</subfield>
   <subfield code="d">Giaó dục</subfield>
   <subfield code="d">1982</subfield>
   <subfield code="g">Tập 1</subfield>
   <subfield code="h">263tr.</subfield>
   <subfield code="w">4490</subfield>
  </datafield>
  <datafield tag="OWN" ind1=" " ind2=" ">
   <subfield code="a">LSP</subfield>
  </datafield>
  <datafield tag="999" ind1=" " ind2=" ">
   <subfield code="a">From the UDN01</subfield>
  </datafield>
  <datafield tag="TYP" ind1=" " ind2=" ">
   <subfield code="a">Monograph</subfield>
  </datafield>
  <datafield tag="TYP" ind1=" " ind2=" ">
   <subfield code="a">Printed language</subfield>
  </datafield>
  <datafield tag="980" ind1=" " ind2=" ">
   <subfield code="a">Mạng thư viện Đại học Đà Nẵng</subfield>
  </datafield>
 </record>
</collection>
